The children of friendly town / [por] Samuel E. Lowe

Guardat en:
Dades bibliogràfiques
Autor principal: Lowe, Samuel E. (autor)
Format: Llibre
Edició:Racine, Wisconsin : Whitmen Publishing, Co., [s.a.]
Matèries:
Etiquetes: Afegir etiqueta
Sense etiquetes, Sigues el primer a etiquetar aquest registre!

MARC

LEADER 00000nam^a2200000^u^4500
001 000546184
005 20250521000000.0
008 060220s1000^^^^^^^^^^^^r^^^^^000^0^spa^d
009 20260310131404.705
035 |a FMI 000015720 
037 |a Acervo Xavier Clavigero 
096 |a 9.1/33/D 
100 |a Lowe, Samuel E.  |e (autor) 
245 1 4 |a The children of friendly town / [por] Samuel E. Lowe 
250 |a Racine, Wisconsin : Whitmen Publishing, Co., [s.a.] 
264 |a 15 p. 
336 |a texto  |b txt  |2 rdacontenido 
337 |a sin mediación  |b n  |2 rdamedio 
338 |a volumen  |b nc  |2 rdasoporte 
649 |a XX 
650 |a LITERATURA INFANTIL 2. ARTE 
910 |a Fondo Francisco Migoya Covarrubias S.J. 
920 |a Impresos - Libros 
930 |a Fondos Especiales 
905 |a 134 
901 |a SBC22644  |b IT2  |c ESP  |u 20250521 
902 |a https://opac.biblio.iteso.mx/vufind/Record/000546184